| 000 | 00496nam a2200181Ia 4500 | ||
|---|---|---|---|
| 003 | GCL | ||
| 008 | 140319s9999 xx 000 0 ara d | ||
| 040 |
_aGCL / _cGCL |
||
| 082 | 0 | 4 |
_a400.1 _bج ا |
| 100 | 1 | _aجرجى زيدان | |
| 245 | 1 | 0 |
_aالفلسفة اللغوية / _cجرجى زيدان |
| 260 |
_a[S.N] : _bدار الجيل ، _c1987 |
||
| 300 | _a159+ | ||
| 490 | _a | ||
| 650 | 0 | 4 | _aفلسفة اللغة |
| 650 | 0 | 4 | _aاللغة العربية - فلسفة |
| 942 |
_2ddc _cBK |
||
| 999 |
_c53681 _d53681 |
||